The law of agency - rights and duties of the agent (Record no. 77437)

MARC details
000 -LEADER
fixed length control field 01013cab a2200193 4500
001 - CONTROL NUMBER
control field ##L134300
008 - FIXED-LENGTH DATA ELEMENTS--GENERAL INFORMATION
fixed length control field 060725n2006 000 0 eng u
035 ## - SYSTEM CONTROL NUMBER
System control number (Sirsi) u134300
041 0# - LANGUAGE CODE
Language code of text/sound track or separate title eng
100 1# - MAIN ENTRY--PERSONAL NAME
Personal name Hopkins, Phillip
245 04 - TITLE STATEMENT
Title The law of agency - rights and duties of the agent
260 ## - PUBLICATION, DISTRIBUTION, ETC.
Date of publication, distribution, etc. 2006
490 #0 - SERIES STATEMENT
Series statement Letting Update Journal
Volume/sequential designation 14(2) July 2006, 16-17(2)
520 ## - SUMMARY, ETC.
Summary, etc. Examines in this third and final article of a series the agency agreement which defines the responsibilities that exist between the landlord and his agent. Covers the necessity of having agency agreements, the parties involved and their responsibilities, the agent's level of authority, fees including an example scale of fees, costs and expenses, the holding and payment of rent and deposits, and the matter of variation and termination. See also (L132545, L133296).
590 ## - LOCAL NOTE (RLIN)
Local note IKA010806
651 #4 - SUBJECT ADDED ENTRY--GEOGRAPHIC NAME
Geographic name England and Wales
Chronological subdivision 1543-
690 ## - LOCAL SUBJECT ADDED ENTRY--TOPICAL TERM (OCLC, RLIN)
Topical term or geographic name as entry element PROPERTY-RESIDENTIAL PROPERTY-RESIDENTIAL PROPERTY AGENCY
942 ## - ADDED ENTRY ELEMENTS (KOHA)
Suppress in OPAC 0
Holdings
Withdrawn status Lost status Source of classification or shelving scheme Damaged status Not for loan Home library Current library Shelving location Date acquired Total Checkouts Full call number Barcode Date last seen Copy number Price effective from Koha item type
    Dewey Decimal Classification     London London Journal article 25/07/2006   L134300 134300-1001 06/08/2019 1 06/08/2019 Journal article